1736 1131 1228 1518 1997 1875 1649 1000 1252 1599 1485 1797 1256 1463 1878 1209 1819 1429 1921 1510 1762 1873 1681 1400 1620 1144 1397 1870 1389 1074 1304 1879 1625 1171 1254 1461 1065 1428 1206 1678 1827 1932 1763 1876 1132 1417 1234 1561 1604 1403 1412 1875 1198 1224 1130 1230 1724 1181 1964 1638 1007 1534 1351 1101 1827 1813 1369 1717 1991 1972 1843 1078 1364 1053 1316 1423 1746 1566 1051 1051 1171 1116 1553 1108 1775 1665 1280 1183 1002 1972 1928 1643 1352 1771 1877 1282 1687 1589 1232 BCNSPRNW ULIB Ver.6.0+V

เปลี่ยนเป็นภาษาไทย

Change to English
 แสดงรายละเอียดบรรณานุกรม
  กลับหน้าหลัก

Brief Record : Get Marc (ISO 2709) : E-mail record : QR code < ปิดหน้าต่าง
LEADER : 00000nam a2200000Ia 4500
001    13399125430
003     ULIB
008    160317s2559 th a b 000 0 tha d
020    ^a9786163980540
040    ^absi
060 04 ^aQZ202^bก451
245 00 ^aการดูแลรักษามะเร็งระยะลุกลามมาที่กระดูก =^bClinical approach forbone metastasis /^cดำเนินสันต์ พฤกษากร, จงกลณี เศรษฐกร,บุษยามาส ชีวสกุลยง, บรรณาธิการ
246 31 ^aClinical approach for bone metastasis
250    ^aพิมพ์ครั้งที่ 1
260    ^aเชียงใหม่ :^bโครงการตำรา คณะแพทยศาสตร์ มหาวิทยาลัยเชียงใหม่,^c2559
300    ^aก-ณ, 309 หน้า :^bภาพประกอบ (ภาพสีบางภาพ) ;^c30 ซม.
650  2 ^aNeoplasm Metastasis^xtherapy
650  2 ^aNeoplasms^xtherapy
650  4 ^aเนื้องอกชนิดแพร่กระจาย^xการรักษา
650  4 ^aเนื้องอก^xการรักษา
700 0  ^aดำเนินสันต์ พฤกษากร,^eบรรณาธิการ
700 0  ^aจงกลณี เศรษฐกร,^eบรรณาธิการ
700 0  ^aบุษยามาส ชีวสกุลยง,^eบรรณาธิการ
710 2  ^aมหาวิทยาลัยเชียงใหม่.^bคณะแพทยศาสตร์.^bโครงการตำรา
945    ^p450^l0^i24972
945    ^p450^l0^i24973
945    ^p450^l0^i24974
995    ^aัณชพร
999    ^aกัณชพร
รายการนี้ยังไม่มีแท็ก
คุณยังไม่ได้ล็อกอิน คุณสามารถมีกิจกรรมร่วมกับเว็บไซต์ได้ แต่ต้องล็อกอินก่อน ::
  ล็อกอิน

รายการสื่อสารสนเทศ

ลำดับที่ ประเภท เลขเรียก/บาร์โค้ด สถานที่ สถานะ
1. หนังสือสำรอง
หนังสือสำรอง
สถานะ=หนังสือเก่า
QZ202 ก451 ฉ.1 
  Barcode: 24972
ห้องสมุดวิทยาเขตนครสวรรค์
►ส่วนจัดเก็บหนังสือเก่า นว.
บนชั้น
  ขอยืม
2. วิทยาศาสตร์การแพทย์ และสุขภาพ
วิทยาศาสตร์การแพทย์ และสุขภาพ
สถานะ=หนังสือเก่า
QZ202 ก451 ฉ.2 
  Barcode: 24973
ห้องสมุดวิทยาเขตนครสวรรค์
►ส่วนจัดเก็บหนังสือเก่า นว.
บนชั้น
  ขอยืม
3. วิทยาศาสตร์การแพทย์ และสุขภาพ
วิทยาศาสตร์การแพทย์ และสุขภาพ
สถานะ=หนังสือเก่า
QZ202 ก451 ฉ.3 
  Barcode: 24974
ห้องสมุดวิทยาเขตนครสวรรค์
►ส่วนจัดเก็บหนังสือเก่า นว.
บนชั้น
  ขอยืม

BibComment


ยังไม่เคยถูกคอมเมนท์

คอมเมนท์ทรัพยากรรายการนี้
  คอมเมนท์: การดูแลรักษามะเร..


 Copyright 2026. Bcnsprnw @Library